|
|
|
|
| LEADER |
00000cam a2200000 i 4500 |
| 001 |
1/66536 |
| 008 |
970402s1996 gre d |
| 020 |
|
|
|a (pbk)
|z 960-90225-2-8
|
| 035 |
|
|
|l 10029838
|
| 040 |
|
|
|a GR-MY-UA
|b gre
|e aacr
|
| 041 |
0 |
|
|a gre
|
| 082 |
0 |
|
|a 330.9
|
| 100 |
1 |
|
|a Μυλωνόπουλος, Δημήτριος Ν.,
|d 1961-
|
| 245 |
1 |
0 |
|a Ναυτιλιακή οικονομική γεωγραφία /
|c Δ. Μυλωνόπουλος, Π. Μοίρα - Μυλωνοπούλου
|
| 260 |
|
|
|a Πειραιάς :
|b [χ.ό.],
|c 1996
|
| 300 |
|
|
|a 234 σ.;
|b πίν, χάρτ., διαγρ.;
|c 24 εκ.
|
| 504 |
|
|
|a Περιέχει βιβλιογραφία
|
| 650 |
0 |
0 |
|a Economic geography.
|
| 651 |
|
0 |
|a Greece
|x Economic conditions.
|
| 700 |
1 |
|
|a Μοίρα-Μυλωνοπούλου, Πολυξένη,
|d 1960-
|
| 852 |
|
|
|a INST
|b CHIOS
|e 19970402
|h 330.9 ΜΥΛ
|p 005200010635
|q 005200010635
|t BK
|y 0
|
| 901 |
|
|
|a BIBL2-2000-3
|
| 909 |
|
|
|a Χ
|b 048161
|
| 970 |
|
|
|z 2000/09/ΣΟΦΙΑ
|